| 000 | 01309nam a2200301 4500 | ||
|---|---|---|---|
| 001 | 240 | ||
| 003 | OSt | ||
| 005 | 20250528074016.0 | ||
| 008 | 250205b |||||||e |||| 00| 1 eng d | ||
| 020 | _a8532514596 | ||
| 040 | _bpor | ||
| 041 |
_heng _apor |
||
| 082 |
_a823 _bF667j |
||
| 100 | 1 |
_aFollett, Ken, _d1949- _9453 |
|
| 240 | _aJackdaws | ||
| 245 |
_aJackdaws: _bAgentes especiais / _cFollett, Ken ; Tradução de Aulyde Soares Rodrigues |
||
| 260 |
_aRio de Janeiro _bRocco _c2002 |
||
| 300 | _a482 p. | ||
| 520 | _aRetornando à Segunda Guerra Mundial, cenário de seus romances mais célebres, Ken Follett compõe neste livro um thriller excitante e cinematográfico. A história de desenvolve em torno de um grupo feminino de agentes britânicos que atendem pelo codinome de Jackdaws, e cuja difícil missão é explodir uma importante central telefônica na França às vésperas do Dia D. Lideradas pela renomada agente secreta Felicity ´Flick´ Clairet, essas mulheres exercerão um papel decisivo na vitória dos aliados. | ||
| 650 | 0 |
_aLiteratura Inglesa _989 |
|
| 650 | 0 |
_aCrime e Investigação _913 |
|
| 650 | 0 |
_aSuspense _910 |
|
| 650 | 0 |
_aAção _964 |
|
| 655 | 0 |
_aRomance _923 |
|
| 655 | 0 |
_aFicção _922 |
|
| 700 |
_aAulyde Soares Rodrigues _eTradutor _9302 |
||
| 942 |
_2ddc _n0 _cBK |
||
| 999 |
_c240 _d240 |
||